00662nam a2200169 a 4500003000200000005001700002008004100019050002700060100002100087245014800108260009000256300002300346504004100369650002900410650002600439650002700465020250317091611.0080924s19uu xx 00 eng d aPHS LB 1065b.M58 2008 aMitsuhashi, Aya. aMotivation and academic performance of senior students of Southville International School and Colleges from homegenous class /cAya Mitsuhashi. aLas Piñas City, Philippines :bSouthville International School and Colleges,c2008. a34 pages ;c28 cm. aIncludes bibliographical references. aMotivation in education. aAcademic achievement. aEducational sociology.